Cameroon : Second Reviews Under The Extended Credit Facility And The Extended Fund Facility Arrangements, And Requests For Waivers For Performance Criteria Applicability And Modification Of Performance Criterion-Press Release; Staff Report; And Statement By The Executive Director For Cameroon.

Following two years of COVID-19 challenges, Cameroon, the largest economy in the Central African Economic and Monetary Union (CEMAC), is facing a new policy environment. The nascent economic recovery from mid-2021, supported by higher oil prices and non-oil production, is now subject to greater unce...

وصف كامل

التفاصيل البيبلوغرافية
مؤلف مشترك: International Monetary Fund. African Dept
التنسيق: دورية
اللغة:English
منشور في: Washington, D.C. : International Monetary Fund, 2022.
سلاسل:IMF Staff Country Reports; Country Report ; No. 2022/268
الموضوعات:
الوصول للمادة أونلاين:Full text available on IMF
LEADER 02328cas a2200289 a 4500
001 AALejournalIMF023044
008 230101c9999 xx r poo 0 0eng d
020 |c 20.00 USD 
020 |z 9798400217388 
022 |a 1934-7685 
040 |a BD-DhAAL  |c BD-DhAAL 
110 2 |a International Monetary Fund.  |b African Dept. 
245 1 0 |a Cameroon :   |b Second Reviews Under The Extended Credit Facility And The Extended Fund Facility Arrangements, And Requests For Waivers For Performance Criteria Applicability And Modification Of Performance Criterion-Press Release; Staff Report; And Statement By The Executive Director For Cameroon. 
264 1 |a Washington, D.C. :  |b International Monetary Fund,  |c 2022. 
300 |a 1 online resource (127 pages) 
490 1 |a IMF Staff Country Reports 
500 |a <strong>Off-Campus Access:</strong> No User ID or Password Required 
500 |a <strong>On-Campus Access:</strong> No User ID or Password Required 
506 |a Electronic access restricted to authorized BRAC University faculty, staff and students 
520 3 |a Following two years of COVID-19 challenges, Cameroon, the largest economy in the Central African Economic and Monetary Union (CEMAC), is facing a new policy environment. The nascent economic recovery from mid-2021, supported by higher oil prices and non-oil production, is now subject to greater uncertainties with spillovers from the war in Ukraine, high inflationary pressures, especially on food and fuel prices, and a tightening of global financial conditions. Low vaccination rates also leave the country vulnerable to further COVID-19 waves. In July 2021, the IMF's Executive Board approved three-year arrangements under the Extended Credit Facility (ECF) and the Extended Fund Facility (EFF) for SDR 483 million (about USD 689.5 million, or 175 percent of Cameroon's quota) to support the country's economic and financial reform program. 
538 |a Mode of access: Internet 
650 7 |a International Agreements and Observance  |2 imf 
650 7 |a International Organizations  |2 imf 
650 7 |a Monetary Policy  |2 imf 
651 7 |a Cameroon  |2 imf 
830 0 |a IMF Staff Country Reports; Country Report ;  |v No. 2022/268 
856 4 0 |z Full text available on IMF  |u https://elibrary.imf.org/openurl?genre=journal&issn=1934-7685&volume=2022&issue=268  |z IMF e-Library